00517 a2200181 4500003000500000005001700005010001600022020001500038040000900053082001300062100001600075245007800091260003100169300003500200650004100235650002500276650003400301Nust20170207153440.0 a 78018922 a0471034967 cNust00a621.38191 aHwang, Kai.10aComputer arithmetic :bprinciples, architecture, and design /cKai Hwang. aNew York :bWiley,cc1979. axiii, 423 p. :bill. ;c24 cm. 0aComputer arithmetic and logic units. 0aComputer arithmetic. 0aElectronic digital computers.